000 00455nam a2200193Ia 4500
005 20240823053907.0
008 240823s9999||||xx |||||||||||||| ||und||
041 _aENGLISH
082 _A006.6 N3
100 _aAsthana R G S
245 0 _aComputer Graphics for Engineers
250 _a1st
260 _c1993
_b"Wiley,New Delhi"
500 _aYES
650 _aGraphics
_bComputer Science
700 _a Sinha N K
942 _cBK
999 _c225199
_d225199